Kumud Desai's Indian law of marrige and divorce / (Record no. 140467)

MARC details
000 -LEADER
fixed length control field 00648nam a22002057a 4500
005 - DATE AND TIME OF LATEST TRANSACTION
control field 20170529143704.0
010 ## - LCCN (DPL NO)
LC control number ENG-118424
020 ## - INTERNATIONAL STANDARD BOOK NUMBER
Terms of availability 2495.00
International Standard Book Number 9788131251027
035 ## - SYSTEM CONTROL NUMBER
System control number EN-101956
037 ## - SOURCE OF ACQUISITION
Source of stock number/acquisition DBAD/PUB
082 ## - DEWEY DECIMAL CLASSIFICATION NUMBER
Classification number 346.5401602632
100 ## - MAIN ENTRY--PERSONAL NAME
Personal name Desa, Kumud
245 ## - TITLE STATEMENT
Title Kumud Desai's Indian law of marrige and divorce /
Statement of responsibility, etc by Kumud Desai
250 ## - EDITION STATEMENT
Edition statement 10th ed.by Kusum
260 ## - PUBLICATION, DISTRIBUTION, ETC. (IMPRINT)
Place of publication, distribution, etc Gurgaon
Name of publisher, distributor, etc Lexis Nexis
Date of publication, distribution, etc 2017
270 ## - ADDRESS
Address 14th Floor Building N0-10,Tower-B,DLF Cyber City Phase-II
City Gurgaon (Haryana)
Postal code 122002
300 ## - PHYSICAL DESCRIPTION
Extent cxv,1364p.
Dimensions 24cm(pbk)
700 ## - ADDED ENTRY--PERSONAL NAME
Personal name Kusum
942 ## - ADDED ENTRY ELEMENTS (KOHA)
Source of classification or shelving scheme Dewey Decimal Classification
Item type English Books
Classification part 346.5401602632
Call number suffix DES
Holdings
Withdrawn status Lost status Not for loan Collection code Home library Current library Date acquired Source of acquisition Cost, normal purchase price Full call number Barcode Copy number Cost, replacement price Koha item type
    Not For Loan Non-fiction D.B.Act.Division Bawana 29/05/2017 DBAD/PUB 2495.00 346.5401602632 DES EN-101956 1 2495.00 English Books

© Delhi Public Library
Hit Counter
free hit counter